| 000 | 00576nam a2200193Ia 4500 | ||
|---|---|---|---|
| 005 | 20250508164825.0 | ||
| 008 | 008 250505s9999 xx 000 0 eng d | ||
| 037 | _aDissertations | ||
| 040 |
_aFEDL _beng _cFEDL |
||
| 041 |
_aeng _2eng |
||
| 084 |
_a370.6, KAU/DI _qFEDL |
||
| 100 |
_aKaushik Siddharth _9775665 |
||
| 245 | 0 | _aStudy of educational programme of Digantar khelkud evam shiksha samiti | |
| 260 | _c2001 | ||
| 300 | _a177p. | ||
| 546 | _aM. Phil. Dissertation (Delhi University) | ||
| 942 |
_cDIS _h370.6, KAU/DI |
||
| 999 |
_c1391421 _d1391421 |
||